00928 a2200169 45000010006000000050017000060080041000230030015000640400040000790800104001192450036002232640034002593000019002935050399003121000024007117000023007351320320260407155441.0260407a1963 arg spa dAR-UNSa-BCEJYS aAR-UNSa-BCEJYSbspacAR-UNSa-BCEJYS a351.72xFinanzas públicas. Legislación (Contabilidad Pública, Administración financiera...)10aCurso de contabilidad pública 1aBuenos Aires :bAguilarc1963 a699 p.c22 cm. aParte I: 1. La contabilidad pública y su sujeto -- Parte II: Contabilidad del estado: 2. Organización de la hacienda del estado - 3. La gestión en la agenda central - 4. La gestión en las haciendas anexas - 5. Responsabilidad de los administradores y agentes de la hacienda - 6. El control parlamentario en las fases concomitantes y ulterior - 7. Las haciendas conexas o paraestatales 1 aAtchabahian, Adolfo1 aMassier, Guillermo